| 000 | 01214nam a2200313 a 4500 | ||
|---|---|---|---|
| 001 | 19551 | ||
| 003 | BD-RjUL | ||
| 005 | 20211209000440.0 | ||
| 008 | 190310s1972 ii 001 0 eng d | ||
| 020 | _c: IRs. 6.00 | ||
| 035 | _a(BD-RjUL)19611 | ||
| 040 |
_aLC _beng _cLC _dWU _dBD-RjUL |
||
| 041 | _aeng | ||
| 082 | 0 | 4 |
_a320.3 _bALA 1972 |
| 100 | 1 |
_aAlmond, Gabriel A. _q(Gabriel Abraham), _d1911-2002. _911258 |
|
| 245 | 1 | 0 |
_aAn Analytic study : _bComparative politics : a developmental approach / _cGabriel A. Almond , G. Bingham Powell. |
| 246 |
_aComparative politics : _ba developmental approach / |
||
| 250 | _aIndian ed. | ||
| 260 |
_aNew Delhi : _bAmerind Publishing Co. Pvt. Ltd. , _c1972. |
||
| 300 |
_a[16], 348 p. ; _c21 cm. |
||
| 490 | 0 | _aThe Little, Brown series in comparative politics. | |
| 500 | _a"This book has been published with the assistance of the joint Indian-american Textbook Programme" | ||
| 504 | _aIncludes index. | ||
| 650 | 0 |
_aComparative government. _94478 |
|
| 651 | 0 |
_aDeveloping countries _xPolitics and government. _96865 |
|
| 700 | 1 |
_aPowell, G. Bingham, jt. auth. _9236074 |
|
| 830 |
_aThe Little, Brown Series in Comparative Politics. _9236075 |
||
| 942 |
_2ddc _cBK |
||
| 999 |
_c19551 _d19551 |
||